Statistiche per Geografia Vero o Falso #1

Clicka qui per fare il quiz!

Statistiche generali

  • Questo quiz è stato fatto 1.652 volte
  • Il punteggio medio è 11 su 16

Statistiche sulle risposte

DomandaRisposta% Corretto
Il Messico è a sud dell'EquatoreFalso
91%
La Svizzera fa parte dell'Unione EuropeaFalso
89%
La Nuova Zelanda ha più pecore che personeVero
88%
Almeno alcune parti dell'Oceano Artico sono sempre ghiacciateVero
87%
Il Minnesota confina con almeno uno dei Grandi LaghiVero
85%
Nessun Paese condivide un confine di terra con il Regno UnitoFalso
84%
A parte l'Italia, non ci sono Paesi in cui l'italiano è lingua nazionaleFalso
77%
L'Africa è più grande della Russia per areaVero
76%
Shanghai è molto più a nord di PechinoFalso
71%
La Russia confina sia con la Corea del Nord che con la NorvegiaVero
68%
Esiste un Paese la cui valuta è la LiraVero
65%
100% del territorio di Singapore è localizzato su isoleVero
58%
C'è almeno un Paese il cui nome inizia con ogni lettera dell'alfabetoFalso
56%
Parigi è molto più a nord di TorontoVero
43%
La Cina ha un solo fuso orarioVero
40%
È possibile guidare su strada tutto il percorso da Anchorage a Buenos AiresFalso
37%

Distribuzione punteggi

Percentile per numero di risposta

Percentuale di utenti per punteggio

I tuoi punteggi nel tempo

Non hai fatto questo quiz